|
|
|
|
| LEADER |
00000nam2a2200000 4500 |
| 001 |
322502 |
| 005 |
20231102003500.0 |
| 035 |
|
|
|a (RuTPU)RU\TPU\book\348061
|
| 035 |
|
|
|a RU\TPU\book\268323
|
| 090 |
|
|
|a 322502
|
| 100 |
|
|
|a 20131211d1951 k y0rusy50 ca
|
| 101 |
0 |
|
|a rus
|
| 102 |
|
|
|a RU
|
| 105 |
|
|
|a a z 001zy
|
| 200 |
0 |
|
|a № 150 : Химия
|e [сборник статей]
|f Ленинградский государственный университет (ЛГУ), Химический институт ; отв. ред. Б. П. Никольский
|
| 210 |
|
|
|d 1951
|
| 215 |
|
|
|a 191 с.
|c ил.
|
| 225 |
1 |
|
|a Серия химических наук
|v Вып. 10
|
| 320 |
|
|
|a Библиогр. в конце ст.
|
| 461 |
|
1 |
|0 (RuTPU)RU\TPU\book\347780
|t Ученые записки [Ленинградского государственного университета]
|o сборник статей
|f Ленинградский государственный университет (ЛГУ)
|v № 150 : Химия
|d 1937-
|
| 606 |
1 |
|
|a Химия
|2 stltpush
|3 (RuTPU)RU\TPU\subj\17362
|9 43035
|
| 610 |
1 |
|
|a химизм
|
| 610 |
1 |
|
|a осаждение
|
| 610 |
1 |
|
|a полиморфные превращения
|
| 610 |
1 |
|
|a стеклянные электроды
|
| 610 |
1 |
|
|a окислы металлов
|
| 610 |
1 |
|
|a сольватация
|
| 675 |
|
|
|a 54
|v 3
|
| 702 |
|
1 |
|a Никольский
|b Б. П.
|4 340
|
| 712 |
0 |
2 |
|a Ленинградский государственный университет (ЛГУ)
|b Химический институт
|c (1924-1991)
|2 stltpush
|3 (RuTPU)RU\TPU\col\77
|
| 801 |
|
1 |
|a RU
|b 63413507
|c 20160929
|
| 801 |
|
2 |
|a RU
|b 63413507
|c 20190118
|g RCR
|
| 942 |
|
|
|c BK
|